Complete the Card - Wrestlemania III - Statistics

General Stats
  • This quiz has been taken 5 times
  • The average score is 29 of 38
Answer Stats
Tag Team Match % Correct
Adrian Adonis
100%
Andre The Giant
100%
Bret Hart
100%
Brutus Beefcake
100%
Danny Davis
100%
Davey Boy Smith
100%
Dynamite Kid
100%
Greg Valentine
100%
Hercules
100%
Hillbilly Jim
100%
Hulk Hogan
100%
Jake Roberts
100%
Jim Neidhart
100%
King Kong Bundy
100%
Mach Man Randy Savage
100%
Ricky Steamboat
100%
Roddy Piper
100%
Brian Blair
80%
Honky Tonk Man
80%
Jacques Rougeau
80%
Jim Brunzell
80%
Raymond Rougeau
80%
Rick Martel
80%
The Magnificent Muraco
80%
Tito Santana
80%
Billy Jack Haynes
60%
Bob Orton
60%
Haiti Kid
60%
Nikolai Volkoff
60%
Harley Race
40%
Junkyard Dog
40%
Little Beaver
40%
Little Tokyo
40%
The Iron Sheik
40%
Tom Zenk
40%
Butch Reed
20%
Koko B. Ware
20%
Lord Littlebrook
20%
No matching quizzes found
Score Distribution
Percent of People with Each Score
Percentile by Number Answered
Your Score History
You have not taken this quiz